Uplatňovanie zodpovednostného prístupu v riadení nákladov

Guardado en:
Detalles Bibliográficos
Autor principal: Floreková, Slavka, 1975-
Formato: Capítulo de libro
Lenguaje:eslovaco
Etiquetas: Agregar Etiqueta
Sin Etiquetas, Sea el primero en etiquetar este registro!

MARC

LEADER 00000naa$a2200000$$$4500
001 0136584
005 20240502072529.9
041 0 |a slo 
044 |a SK 
245 1 0 |a Uplatňovanie zodpovednostného prístupu v riadení nákladov  |c Slávka Floreková 
100 1 |a Floreková, Slavka, 1975-